Central Library OPAC University of Rajshahi

তাপগতিবিদ্যা পরিচিতি / (Record no. 47290)

MARC details
000 -LEADER
fixed length control field 01069nam a2200229 a 4500
001 - CONTROL NUMBER
control field 47290
003 - CONTROL NUMBER IDENTIFIER
rucl marc code BD-RjUL
005 - DATE AND TIME OF LATEST TRANSACTION
control field 20211209054305.0
008 - FIXED-LENGTH DATA ELEMENTS--GENERAL INFORMATION
fixed length control field 160808s1985 bg ||||| |||| 00| 0 ben d
020 ## - INTERNATIONAL STANDARD BOOK NUMBER
Terms of availability : Tk. 120.00
035 ## - SYSTEM CONTROL NUMBER
System control number (BD-RjUL)47409
040 ## - CATALOGING SOURCE
Original cataloging agency BD-RjUL
Language of cataloging ben
Transcribing agency BD-RjUL
041 ## - LANGUAGE CODE
Language code of text/sound track or separate title ben
082 ## - DEWEY DECIMAL CLASSIFICATION NUMBER
Edition number 23
Classification number 536.7
Author mark and year SET 1985
100 1# - MAIN ENTRY--PERSONAL NAME
Personal name সিয়ার্স, ফ্রান্সিস ওয়েস্টন
9 (RLIN) 143936
245 10 - TITLE STATEMENT
Title তাপগতিবিদ্যা পরিচিতি /
Statement of responsibility, etc. ফ্রান্সিস ওয়েস্টন সিয়ার্স ; অনুবাদ, আ র ম মাসুদ, মুস্তাফা হামিদ হোসেন এবং মুহাম্মদ গোলাম হোসেন
260 ## - PUBLICATION, DISTRIBUTION, ETC. (IMPRINT)
Place of publication, distribution, etc. ঢাকা :
Name of publisher, distributor, etc. বাংলা একাডেমী,
Date of publication, distribution, etc. ১৯৮৫
300 ## - PHYSICAL DESCRIPTION
Pagination [১১], ৪৪৩ পৃ. :
Illustrations চিত্র ;
Size ১৯ সেমি.
650 ## - SUBJECT ADDED ENTRY--TOPICAL TERM
Topical term or geographic name as entry element তাপগতিবিদ্যা
9 (RLIN) 143937
Topical term or geographic name as entry element Thermodynamics.
9 (RLIN) 143938
942 ## - ADDED ENTRY ELEMENTS (KOHA)
Source of classification or shelving scheme Dewey Decimal Classification
Koha item type Books
Holdings
Lost status Source of classification or shelving scheme Damaged status Not for loan Collection code Permanent Location Current Location Shelving location Date acquired Source of acquisition Cost, normal purchase price Total Checkouts Full call number Date last seen Copy number Koha item type Date checked out
  Dewey Decimal Classification     Non-fiction Central Library, University of Rajshahi Central Library, University of Rajshahi   10/11/1996 Bangla Academy, Dhaka 120.00   B 536.7 SET 1985 08/08/2016 C-2 Books  
  Dewey Decimal Classification     Non-fiction Central Library, University of Rajshahi Central Library, University of Rajshahi   10/11/1996 Bangla Academy, Dhaka 120.00 1 B 536.7 SET 1985 05/06/2022 C-3 Books 13/04/2022
  Dewey Decimal Classification     Non-fiction Central Library, University of Rajshahi Central Library, University of Rajshahi   10/11/1996 Bangla Academy, Dhaka 120.00 1 B536.7 SET 1985 10/04/2017 C-4 Books 02/04/2017
  Dewey Decimal Classification   Not For Loan Non-fiction Central Library, University of Rajshahi Central Library, University of Rajshahi Reading Room 07/01/1990 Bangla Academy, Dhaka 120.00   B 536.7 SET 1985 06/05/2017 C-1 Books